Estatísticas para Artilheiros das seleções

Clique aqui para jogar o quiz

Estatísticas Gerais

  • Esse quiz foi jogado 377 vezes
    (160 desde o último reset)
  • A pontuação média é 18 de 36

Estatísticas das Respostas

SeleçãoGolsJogador% Correto
Portugal118Cristiano Ronaldo
99%
Argentina96Messi
99%
Brasil77Pelé/Neymar
99%
Uruguai64Luis Suarez
95%
Polônia76Lewandowski
86%
Hungria84Púskas
81%
Inglaterra53Rooney/Kane
81%
Costa do Marfim65Drogba
80%
Suécia62Ibrahimovic
80%
País de Gales41Bale
76%
Alemanha71Klose
75%
Bélgica52Lukaku
74%
Camarões56Eto'o
73%
Espanha59David Villa
70%
França52Giroud
60%
Chile46Alexis Sánchez
59%
Bósnia e Herzegovina58Dzeko
59%
Holanda50Van Persie
57%
Ucrânia48Shevchenko
54%
Colômbia34Falcao
42%
Bolívia28Marcelo Moreno
41%
México52Javier Hernández
37%
Estados Unidos57Donovan
36%
Irlanda68Keane
33%
Cróacia48Suker
30%
Austrália50Cahill
28%
Irã109Ali Daei
22%
Servia41Mitrovic
22%
Bulgária50Berbatov
12%
Suíça42Frei
9%
Itália35Luigi Riva
9%
Turquia51Sükür
9%
Coreia do sul55Kim Bum-Bo
7%
Dinamarca52Nielsen / Tomasson
6%
Noruega33Jörgen Juve
3%
Marrocos42Ahmed Faras
2%

Distribuição das Pontuações

Percentil de Números Respondidos

Porcentagem de Pessoas com Cada Pontuação

Sua Pontuação Histórica

Você não jogou esse quiz desde o último reset